<?xml version="1.0" encoding="UTF-8"?>
<collection xmlns="http://www.loc.gov/MARC21/slim">
 <record>
  <leader>01970nam a2200193Ia 4500</leader>
  <controlfield tag="001">CTU_35264</controlfield>
  <controlfield tag="008">210402s9999    xx            000 0 und d</controlfield>
  <datafield tag="082" ind1=" " ind2=" ">
   <subfield code="a">895.922133</subfield>
  </datafield>
  <datafield tag="082" ind1=" " ind2=" ">
   <subfield code="b">Ng527/T1</subfield>
  </datafield>
  <datafield tag="100" ind1=" " ind2=" ">
   <subfield code="a">Lữ Huy Nguyên</subfield>
  </datafield>
  <datafield tag="245" ind1=" " ind2="0">
   <subfield code="a">Tuyển tập Lữ Huy Nguyên; T1</subfield>
  </datafield>
  <datafield tag="245" ind1=" " ind2="0">
   <subfield code="b">Cô tu tóc vàng; Trâu lá đa; Năm tháng đi qua; Chiều sâu thành phố; Đôi mắt em nhìn; Đêm Digan; Paris; Bắt đền đôi mắt; Mùa thu nước Nhật; Nghệ sĩ với tình yêu; Một lần thăm nước Đức; Lên vạn lý trường thành</subfield>
  </datafield>
  <datafield tag="245" ind1=" " ind2="0">
   <subfield code="c">Lữ Huy Nguyên</subfield>
  </datafield>
  <datafield tag="260" ind1=" " ind2=" ">
   <subfield code="a">Hà Nội</subfield>
  </datafield>
  <datafield tag="260" ind1=" " ind2=" ">
   <subfield code="b">Văn học</subfield>
  </datafield>
  <datafield tag="260" ind1=" " ind2=" ">
   <subfield code="c">1999</subfield>
  </datafield>
  <datafield tag="520" ind1=" " ind2=" ">
   <subfield code="a">Cô tu tóc vàng (1971) là bài thơ dài về nữ anh hùng liệt sĩ quan giải phóng LÊ THị HồNG GấM; Trâu lá đa (1975) là tập thơ cho thiếu nh; Năm tháng đi qua (1976) ; Chiều sâu thành phố (1978) ; Đôi mắt em nhìn (1987) ; Đêm Digan (1991) là tập thơ nói về đất nước Liên-xô cũ; Paris (1991) ký sự thơ về Pháp  ; Bắt đền đôi mắt (1991) là tập thơ về cuộc sống gia đình thường nhật ; Mùa thu nước Nhật (1992) là tập thơ nói về đất nước và con người Nhật Bản; Nghệ sĩ với tình yêu (1995) là tập thơ khắc họa về các nghệ có tên tuổi ; Một lần thăm nước Đức (1995) là tập thơ nói về nước Đức và con người Đức; Lên vạn lý trường thành ( 1997 ) là tập thơ nói về  đất nước và con người Trung Hoa vĩ đại</subfield>
  </datafield>
  <datafield tag="650" ind1=" " ind2=" ">
   <subfield code="a">vietnamese literature - 20th century,vietnamese poetry - 20th century</subfield>
  </datafield>
  <datafield tag="980" ind1=" " ind2=" ">
   <subfield code="a">Trung tâm Học liệu Trường Đại học Cần Thơ</subfield>
  </datafield>
 </record>
</collection>
